[Event "22nd OIBM 2018"]
[Site "Gmund am Tegernsee"]
[Date "2018.11.03"]
[Round "8"]
[White "Sarvadh Sathiaram"]
[Black "Souleidis, Georgios"]
[Result "0-1"]
[WhiteElo "2089"]
[BlackElo "2436"]
[Annotator "TA"]
[PlyCount "92"]
[EventDate "2018.10.27"]
[EventType "swiss"]
[EventCountry "GER"]
[SourceTitle "playchess.com"]
[Source "ChessBase"]
[SourceQuality "1"]

{[%evp 17,92,0,0,-13,-17,-20,-4,-39,0,-4,22,25,52,47,57,53,52,52,41,11,18,8,28,-87,-80,-87,-78,-93,-94,-100,-8,-12,-13,-10,0,0,0,-8,0,0,0,-52,-7,-26,-21,-77,-36,-37,-20,-85,-24,-22,-18,-26,-13,-14,-14,-286,-286,-278,-195,-278,-269,-263,-248,-346,-343,-337,-329,-29966,-29967,-6366,-6041,-29996,-29993,-29997,-29998]} 1. e4 e6 2. d4 d5 3. Nc3 Nf6 4. Bg5 Be7 5. e5 Nfd7 6. h4 h6 7. Bxe7 Qxe7 8. f4 a6 {C14: French: Classical System: 4 Bg5 Be7 main line} 9. Qg4 (9. Nf3 c5 10. dxc5 Nc6 11. a3 O-O 12. Qd2 f6 13. exf6 Qxf6 14. g3 Nxc5 15. O-O-O d4 16. Nxd4 Rd8 17. Nce2 e5 18. fxe5 Nxe5 19. Qf4 Qxf4+ 20. gxf4 Ng4 {½-½ (20) Istratescu,A (2602)-Baklan,V (2621) Calimanesti Caciulata 2016}) 9... O-O {LiveBook: 5 Games} 10. Bd3 c5 {The position is equal.} 11. Nf3 $146 ({Predecessor:} 11. f5 exf5 12. Qxf5 g6 13. Nxd5 Qd8 14. Qf4 Kg7 15. Nf3 cxd4 16. h5 g5 17. Qe4 Rh8 18. Nxd4 Nc5 19. Qf3 Re8 20. O-O Rxe5 21. Qxf7+ {1-0 (21) Lipski,T (2046)-Cebula,J (1883) Zawoja Osrodek 2011}) 11... Nc6 12. Rh3 cxd4 13. Ne2 $1 ({But not} 13. Rg3 $2 f5 $19) 13... f5 14. Qg6 Qf7 15. Qxf7+ Rxf7 16. Nfxd4 Nc5 17. Nxc6 bxc6 18. b4 Nxd3+ 19. Rxd3 a5 20. Nd4 (20. Ra3 $11 {remains equal.}) 20... axb4 $17 21. Nxc6 Rc7 22. Nxb4 Rc4 $1 {[%csl LRb4,LRf4]} 23. c3 {[#]} Rxf4 (23... Re4+ $1 $17 24. Kd2 Rxf4) 24. Rd4 $1 $11 {[%cal Rd4f4]} Rxd4 25. cxd4 {[%mdl 4096] Endgame KRB-KRN} Ra3 26. Rc1 Bd7 27. Kf2 Bb5 28. Rc5 Be8 29. Rc1 (29. Rc8 $11 Kf7 30. Rb8) 29... g5 (29... Ra4 $5 {[%cal Ra4b4]} 30. Rb1 g5 $15) 30. hxg5 hxg5 31. Rb1 (31. Rc8 $11 Kf8 32. Rb8) 31... f4 32. Rb3 Ra4 33. g3 {[#]} (33. g4 $1 $11) 33... fxg3+ ({Black should play} 33... Bh5 $1 $17 34. Kg2 Kg7) 34. Kxg3 {Black should prevent Kg4.} Kg7 35. a3 Kg6 36. Rf3 Kh5 {Threatens to win with ...Bg6.} 37. Rc3 $2 {[%mdl 8192]} (37. Kf2 $1 $11 {and White is okay.}) 37... Bg6 $19 38. Rb3 Bf5 39. Rc3 (39. Kf3 {is a better defense.}) 39... Be4 40. Rb3 g4 {[%cal Bg5g4,Bg4g3][%mdl 32]} 41. Nc6 Rc4 42. Nd8 Bf5 43. Rb6 $2 (43. Nf7 $19) 43... Rc3+ 44. Kf2 g3+ 45. Kg1 Rc1+ 46. Kg2 Kg4 {Precision: White = 26%, Black = 46%.} 0-1

[Event "22nd OIBM 2018"]
[Site "Gmund am Tegernsee"]
[Date "2018.11.03"]
[Round "8"]
[White "Hallmann, Norbert"]
[Black "Lipok, Christoph"]
[Result "0-1"]
[WhiteElo "2088"]
[BlackElo "2271"]
[Annotator "TA"]
[PlyCount "124"]
[EventDate "2018.10.27"]
[EventType "swiss"]
[EventCountry "GER"]
[SourceTitle "playchess.com"]
[Source "ChessBase"]
[SourceQuality "1"]

{[%evp 21,124,24,33,0,0,-123,-134,-195,-175,-185,-156,-153,-146,-176,-165,-170,-170,-175,-117,-144,-137,-119,-99,-105,-97,-98,-102,-115,-115,-141,-42,-52,13,10,4,9,43,8,8,16,30,-15,16,-62,33,-21,0,-62,-20,-123,-122,-129,-129,-124,-129,-186,-120,-135,-130,-192,-168,-366,-333,-760,-798,-790,-791,-791,-756,-820,-808,-831,-795,-29979,-29977,-29987,-29988,-29990,-29991,-29991,-29983,-29983,-29984,-29980,-29953,-6424,-6087,-29991,-29992,-29992,-29988,-29988,-29989,-29993,-29994,-29994,-29995,-29995,-29996,-29996,-29997,-29997,-29998,-29998,-29999]} 1. e4 e5 2. Nf3 Nc6 3. Bb5 a6 4. Ba4 Nf6 5. O-O Be7 6. Re1 b5 7. Bb3 d6 8. h3 O-O 9. c3 Nb8 10. d4 Nbd7 11. Bc2 {C95: Closed Ruy Lopez: Breyer Variation with 10 d4} Bb7 {LiveBook: 16 Games} 12. Nh2 $146 ({Predecessor:} 12. a4 Re8 13. Nbd2 c5 14. d5 c4 15. b3 cxb3 16. Nxb3 Qc7 17. Be3 Nb6 18. Nbd2 Nfd7 19. axb5 {½-½ (19) Areshchenko,A (2678)-Efimenko,Z (2651) Rivne 2016}) 12... Re8 13. g4 (13. Nf3 $11 {keeps the balance.}) 13... d5 $1 $17 {[%cal Rf6e4]} 14. f3 (14. Nd2 $17) 14... dxe4 15. fxe4 {White wants to play g5.} Nf8 16. g5 N6d7 17. h4 exd4 18. cxd4 c5 {Strongly threatening ...cxd4.} 19. d5 Bd6 (19... Qc7 $19 {...Qg3+ is the strong threat.} 20. Qg4 c4) 20. Nd2 Qc7 21. Ng4 Ng6 22. Nf3 Nde5 23. Nfxe5 Bxe5 24. Nxe5 Qxe5 25. Re3 {[#]} Bc8 ({Black should play} 25... Rf8 $1 $17 26. Qd3 f6) 26. Qe1 Nf4 (26... f6 $15) 27. Rb1 $11 c4 28. Bd2 b4 29. Rf3 Nd3 $1 $132 {[%cal Rd3e1][%mdl 2048] Black puts up resistance} 30. Bxd3 cxd3 31. Rxd3 a5 32. Re3 (32. Qg3 $11) 32... Ra6 (32... Qd4 $15 33. Qf2 Ba6) 33. a3 (33. Qf2 $14) 33... h6 34. Re2 ({White should try} 34. Qf2 $11) 34... Bf5 {[%cal Rf5e4]} (34... Bg4 $5 {[%cal Rg4e2]} 35. Rf2 hxg5 36. hxg5 Qd4 $15) 35. Qf2 (35. Rc1 $11 {remains equal.}) 35... Bxe4 $17 36. Rbe1 Qxd5 37. axb4 axb4 38. Qf4 {[#]} (38. Bxb4 $17 {was necessary.} f5 39. Bd2) 38... hxg5 (38... Rae6 $1 $19 39. gxh6 Rf6) 39. hxg5 {[%cal Re2e4]} Rae6 40. Rf1 (40. Qh4 $17) 40... f5 {White must now prevent ...Qb3.} 41. Qh4 $2 (41. Rfe1) 41... Qd4+ $19 42. Be3 $2 (42. Qf2 Qxb2 43. Be3) 42... Qd3 43. Rfe1 Bf3 44. Rd2 Qb3 (44... Rxe3 45. Rxd3 Rxe1+ 46. Kf2 $15) 45. Rh2 Bg4 ({Worse is} 45... Rxe3 46. Qh7+ Kf8 47. Qxf5+ Ke7 48. Qc5+ Kf7 49. Qf5+ Kg8 50. Qh7+ Kf8 51. Qf5+ Ke7 52. Qc5+ Kf7 53. Qf5+ Kg8 54. Qh7+ Kf8 55. Qf5+ $11) 46. Qh7+ Kf7 47. Rd2 Rxe3 48. Rd7+ Ke6 49. Qg6+ Kxd7 50. Qxg7+ Kd6 51. Qd4+ Qd5 52. Qb6+ Qc6 53. Qd4+ Kc7 {( -> ...Rg3+)} 54. Qa7+ Kc8 {Black mates.} 55. Rxe3 Qc1+ 56. Kg2 Qd2+ 57. Kh1 Rh8+ 58. Kg1 Qh2+ 59. Kf1 Qh1+ 60. Kf2 Rh2+ 61. Kg3 Rg2+ 62. Kf4 Qh2+ {Precision: White = 29%, Black = 58%.} 0-1

[Event "22nd OIBM 2018"]
[Site "Gmund am Tegernsee"]
[Date "2018.11.03"]
[Round "8"]
[White "Pasti, Aron"]
[Black "Rietze, Clemens"]
[Result "1-0"]
[WhiteElo "2085"]
[BlackElo "2293"]
[Annotator "TA"]
[PlyCount "160"]
[EventDate "2018.10.27"]
[EventType "swiss"]
[EventCountry "GER"]
[SourceTitle "playchess.com"]
[Source "ChessBase"]
[SourceQuality "1"]

{[%evp 27,160,25,45,9,31,7,15,6,10,0,0,-14,15,15,13,15,14,13,13,6,8,13,13,14,24,7,7,6,34,6,6,0,0,-22,0,-11,6,-25,6,6,6,6,6,6,6,6,25,33,50,6,78,6,17,20,27,26,29,-72,-50,-72,-65,-50,-49,-181,-83,-83,-76,-102,-82,-195,-183,-146,-41,-97,-17,-108,-81,-87,-14,-6,-10,0,0,0,22,0,0,0,0,-21,0,-4,-16,-16,0,0,2,4,1,4,0,0,0,-41,0,-37,0,0,0,-8,0,0,0,-43,0,0,0,0,0,0,0,0,106,101,79,9,589,589,791,774,712,571,1009,995,5256]} 1. e4 e5 2. Nf3 Nc6 3. Bb5 {[%cal Bf1b5,Bb5a4,Ba4b3][%mdl 32]} a6 4. Ba4 Nf6 5. O-O b5 6. Bb3 Be7 7. Re1 d6 8. c3 O-O 9. h3 Na5 10. Bc2 c5 11. d4 Qc7 12. Nbd2 Nc6 13. d5 Na5 14. Nf1 Bd7 {LiveBook: 6 Partien} 15. g4 {C98: Spanische Partie (Tschigorin-System)} Rfb8 (15... Nc4 16. Ng3 g6 17. Kh2 Rfb8 18. b3 Nb6 19. Bh6 c4 20. Nf5 Bxf5 21. gxf5 cxb3 22. axb3 Qxc3 {1-0 (41) Shirov,A (2701)-Markowski,T (2612) Trzcianka 2012}) 16. b3 $146 ({Vorgänger:} 16. Ng3 g6 17. b3 c4 18. b4 Nb7 19. Nh2 Ne8 20. f4 exf4 21. Bxf4 Bf6 22. Qf3 a5 {1-0 (49) Balashov,Y-Gereben,E Bath 1973}) 16... c4 17. b4 {Die Stellung ist ausgeglichen.} Nb7 18. Be3 a5 19. a3 Ra6 20. Ng3 g6 21. Nh2 Ne8 22. f4 Rba8 23. Rc1 exf4 24. Bxf4 Bf6 25. Qd2 Bg7 26. Be3 Nd8 27. Nf3 Qc8 28. Bd4 f6 29. Qf2 Nf7 30. Rf1 axb4 31. axb4 Qd8 32. Kh2 Qe7 33. Bb1 Nh6 {Droht ...Lxg4!} 34. Be3 Nf7 35. Qd2 Bc8 36. Rf2 Qd7 37. Nd4 Nc7 38. Rg2 Ne5 (38... Qe8 $11) 39. Nh1 (39. Ngf5 $16) 39... Qe7 40. Nf2 Bb7 41. Qe2 Kh8 42. g5 (42. Kg1 $11) 42... Re8 43. Re1 Ra3 44. Qb2 Raa8 45. Bf4 {[#]} (45. Qd2 $1 $15) 45... Nf7 (45... f5 $1 $19 {[%mdl 512] ist viel giftiger.} 46. exf5 gxf5 47. Bxf5 Qf7) 46. gxf6 $17 Qxf6 47. Bg3 Ne5 {zielt auf ...Sf3+ ab.} 48. Ng4 (48. Qe2 $17 {ist eine bessere Verteidigung.}) 48... Nxg4+ $1 $19 49. hxg4 {[#]} Qg5 (49... Nxd5 $1 $17 {[%mdl 512]} 50. exd5 Rxe1 51. Bxe1 Qe5+ 52. Bg3 Qxd5) 50. Qf2 (50. Qd2 $15 Qxg4 51. Bxd6 Qh5+ 52. Kg1 Nxd5 53. Nxb5) 50... Rf8 (50... Qxg4 $17 51. Kg1 Qd7) 51. Qe2 (51. Qd2 $11 {bleibt in der Remisbreite.} Qe7 52. Rc1) 51... Be5 52. Qe3 {[#]} Qxe3 (52... Bf4 $1 $17 53. Bxf4 Rxf4) 53. Rxe3 $11 Ra1 54. Bc2 Bxg3+ 55. Kxg3 Kg7 56. Nf3 Re8 {Und weiter mit ...Sxd5! wäre nett.} 57. Rge2 Rc1 58. Nd4 Rg1+ 59. Kh3 Bc8 60. Rg3 Rc1 61. Kh2 $1 Bd7 {...Sxd5! ist eine echte Drohung.} (61... Nxd5 {is more complex.} 62. Nxb5 Nf4 63. Rd2 Rd8 64. g5 d5) 62. Rf2 Rf8 $132 {[%mdl 2048] Schwarz is fighting back} 63. Rxf8 Kxf8 64. Kg2 h6 65. Kf2 Kg7 66. Ke2 Ne8 67. Kd2 Rh1 68. Rg2 Kf6 69. Nf3 g5 70. Nd4 Ng7 71. Rf2+ Ke7 $1 72. Bd1 Rh4 73. e5 dxe5 74. Nf3 Rh1 (74... Rh3 $11 {hält das Gleichgewicht.} 75. Nxe5 Be8) 75. Nxe5 $16 Be8 76. Nc6+ ({Lieber} 76. Bf3 $16 Ra1 77. Ke3) 76... Kd6 $2 {[%mdl 8192]} (76... Bxc6 $1 $11 {und Schwarz steht sicher.} 77. dxc6 Ne6) 77. Rf6+ $18 {Weiß steht klar auf Gewinn.} Kc7 78. d6+ Kc8 79. Ne5 Rh3 80. Rf8 Kb7 {Precision: Weiß = 36%, Schwarz = 41%.} 1-0

[Event "22nd OIBM 2018"]
[Site "Gmund am Tegernsee"]
[Date "2018.11.03"]
[Round "8"]
[White "Bajorski, Marius"]
[Black "Pirrot, Dieter"]
[Result "0-1"]
[WhiteElo "2083"]
[BlackElo "2373"]
[Annotator "TA"]
[PlyCount "112"]
[EventDate "2018.10.27"]
[EventType "swiss"]
[EventCountry "GER"]
[SourceTitle "playchess.com"]
[Source "ChessBase"]
[SourceQuality "1"]

{[%evp 10,112,90,38,85,8,14,5,15,0,22,-17,-14,-11,-20,-14,-21,-29,-25,-24,0,0,0,-9,0,0,0,0,0,15,0,0,0,19,0,0,0,0,0,0,0,0,0,-266,-266,-254,-257,-257,-202,-245,-203,-221,-200,-346,-256,-322,-348,-430,-176,-162,0,-633,-610,-523,-89,-87,0,-420,0,-87,-125,-109,-106,-256,-251,-420,-143,-373,-247,-242,-263,-483,-458,-477,-472,-422,-438,-457,-438,-420,-449,-616,-620,-678,-644,-979,-882,-1729,-1758,-1743,-1631,-29960,-6457,-29968,-6148]} 1. e4 e5 2. Nf3 Nc6 3. Bb5 f5 4. d3 Nf6 5. O-O Bc5 6. Nc3 (6. exf5 $16 O-O 7. Nc3) 6... O-O $14 {C63: Ruy Lopez: Schliemann/Jaenisch Defence} 7. Bg5 ({Better is} 7. exf5 $16 Nd4 8. Ne4 (8. Nxe5 c6 $11)) (7. exf5 d6 8. Bxc6 bxc6 9. d4 exd4 10. Nxd4 Bxd4 11. Qxd4 Bxf5 12. Qc4+ Kh8 13. Qxc6 Bxc2 14. Bg5 Rb8 15. Rfe1 Rxb2 {1-0 (34) Martinez Romero,M (2477)-Ossa,O (2314) Quibdo 2015}) 7... d6 $11 8. Nd5 {Threatens to win with Bc4.} Kh8 {The position is equal.} 9. Nh4 Nd4 $1 {[%cal Rd4b5]} 10. Nxf6 $146 ({Predecessor:} 10. Bc4 fxe4 11. Nxf6 gxf6 12. Bh6 d5 13. Bxf8 Bxf8 14. Bb3 Nxb3 15. axb3 exd3 16. Qxd3 {0-1 (52) Kuehnel,L (1865)-Tran,M (1895) Stuttgart 2010}) 10... gxf6 11. Bh6 Nxb5 12. Bxf8 Qxf8 13. a4 $1 {[%cal Ra4b5]} Qh6 14. g3 f4 15. axb5 Bh3 {White must now prevent ...Rg8.} 16. Nf5 Bxf5 17. exf5 fxg3 18. hxg3 Qh3 $1 {[%cal Rh3g3]} 19. Qf3 {Black should prevent Qg2.} Rg8 $40 {[%mdl 128] Black mounts an attack.} 20. d4 $1 {[%cal Rd4c5]} Bxd4 {( -> ...e4)} 21. Ra3 Bb6 22. Rd1 Rg5 23. Qxb7 Qxf5 24. Qf3 Qg6 25. Re1 Kg7 {Hoping for ...Rf5.} 26. Qc6 $2 {[%mdl 8192]} (26. Re2 $11 {and White has nothing to worry.}) 26... Rxg3+ $1 $19 27. Kf1 Rg1+ 28. Ke2 {Strongly threatening Rxg1.} Rxe1+ 29. Kxe1 {[%mdl 4096] Endgame KQR-KQB} Qg1+ 30. Kd2 Qxf2+ 31. Kd3 (31. Kc3 {was called for.}) 31... h5 32. Qd7+ Kh6 33. Qf7 {[#]} Qe3+ $2 (33... e4+ $1 34. Kc3 (34. Kxe4 Qd4+) 34... Qf3+ 35. Kc4 e3) 34. Kc4 Qe2+ $2 (34... Qe4+ $19 35. Kb3 Qg6) 35. Kd5 $2 {[%mdl 8192]} (35. Kb3 $11) 35... Qxb5+ 36. Ke4 Qe2+ $2 (36... Qc6+ $1 $19 37. Kd3 e4+ 38. Kd2 e3+ 39. Rxe3 Bxe3+ 40. Kxe3 Qxc2 41. Qxf6+ Qg6 42. Qh8+ Kg5 43. Qd8+ Qf6 44. Qxc7 h4 45. Qxa7 h3) 37. Kd5 $17 Qb5+ $2 {[%mdl 8192]} ({Reject} 37... Qxc2 $6 38. Qxf6+ Qg6 39. Qh8+ Qh7 40. Qf6+ Qg6 41. Qh8+ Qh7 42. Qf6+ Qg6 $11) (37... Qg2+ $17 38. Ke6 h4) 38. Ke4 $1 $19 {[#]} Qe2+ $2 (38... Qc6+ $1 $19 39. Kd3 e4+ 40. Kd2 e3+ 41. Rxe3 Bxe3+ 42. Kxe3 Qxc2 43. Qxf6+ Qg6 44. Qh8+ Kg5 45. Qd8+ Qf6 46. Qxc7 h4 47. Qxa7 h3) 39. Kd5 $1 $17 Qg2+ ({Don't play} 39... Qxc2 $6 40. Qxf6+ Qg6 41. Qh8+ Qh7 42. Qf6+ Qg6 43. Qh8+ Qh7 44. Qf6+ Qg6 $11) 40. Ke6 {[#]} Qg4+ $1 41. Kd5 (41. Ke7 $17 {only move.}) 41... Qg6 42. Qe7 $2 (42. Qf8+ Qg7 43. Qxg7+ Kxg7 44. Ke4) 42... Qg7 $2 (42... h4 $19 {has better winning chances. ...Kh5 is the strong threat.} 43. Ra4 Kh5) 43. Qe8 $2 (43. Qxg7+ $17 Kxg7 44. Ke6) 43... f5 44. Qe6+ Qg6 {And now ...c6+! would win.} 45. Qe7 $2 (45. Rg3 {was the only chance.} Qxe6+ 46. Kxe6) 45... Qg2+ 46. Kc4 Qg8+ 47. Kb5 {If only White now had time for Qf6+....} Qg7 48. Qe6+ Qg6 49. Qe7 f4 {[%cal Bf5f4,Bf4f3,Bf3f2][%mdl 32]} 50. Rh3 {White hopes to continue with Qf8+.} Qf5 51. Ka6 e4 {aiming for ...f3.} ({Worse is} 51... Qxh3 52. Qf6+ Kh7 53. Qf7+ Kh8 54. Qf8+ Kh7 55. Qf7+ Kh8 56. Qf8+ Kh7 57. Qf7+ $11) 52. Qd8 {intending Qh8+.} Bd4 53. Rb3 f3 54. Rb5 Be5 55. Qxc7 f2 56. Qxd6+ Qg6 {Precision: White = 25%, Black = 60%.} 0-1

[Event "22nd OIBM 2018"]
[Site "Gmund am Tegernsee"]
[Date "2018.11.03"]
[Round "8"]
[White "Konik, Michael"]
[Black "Maier, Alexander"]
[Result "0-1"]
[WhiteElo "2083"]
[BlackElo "2275"]
[Annotator "TA"]
[PlyCount "84"]
[EventDate "2018.10.27"]
[EventType "swiss"]
[EventCountry "GER"]
[SourceTitle "playchess.com"]
[Source "ChessBase"]
[SourceQuality "1"]

{[%evp 17,84,41,31,20,20,9,14,0,0,0,22,0,18,0,11,-36,-37,-39,-42,-69,-62,-93,-86,-86,-89,-93,-87,-83,-79,-82,-94,-159,-106,-115,-109,-137,-82,-85,-90,-83,-88,-95,-102,-96,0,0,-7,-80,-78,-96,-98,-108,-116,-118,-77,-148,-148,-323,-318,-337,-329,-531,-550,-540,-464,-680,-672,-823,-731]} 1. e4 d5 2. exd5 Qxd5 3. Nc3 Qd6 4. d4 g6 5. Nf3 Bg7 6. Bc4 Nf6 7. h3 O-O 8. O-O a6 9. a4 {B01: Scandinavian Defence} c5 {LiveBook: 8 Games} 10. Be3 cxd4 11. Qxd4 $146 {The position is equal.} ({Predecessor:} 11. Nxd4 Nc6 12. Re1 Bd7 13. Nb3 Qc7 14. a5 Rae8 15. Bb6 Qc8 16. Nc5 Nb8 {1-0 (78) Paravyan,D (2629)-Rakhmanov,A (2634) Sochi 2018}) 11... Qxd4 12. Nxd4 Bd7 13. Rfe1 Rc8 14. Bb3 Nc6 15. Rad1 Na5 16. Bg5 e6 17. Re3 Nxb3 18. Nxb3 Be8 19. Red3 b5 20. axb5 axb5 {[%cal Ba6b5,Bb5b4][%mdl 32]} 21. Nd4 b4 22. Bxf6 Bxf6 23. Ne4 Be7 24. c3 (24. f4 $142) 24... Ra2 (24... f5 $142 25. Ng3 e5) 25. cxb4 $17 Rxb2 26. b5 e5 (26... f5 $142 27. Nc3 Bf6) 27. Nc6 Bxc6 28. bxc6 Rxc6 29. Rd7 Kf8 30. Ra1 {[#] And now Ra8+ would win.} Rb8 (30... Bc5 $1 $17 {Threatening ...Kg7.} 31. Rf1 Ke8 32. Nxc5 Rxc5) 31. Raa7 $11 Re6 32. Nc3 (32. g4 $11 {keeps the balance.}) 32... Rd8 $17 33. Rdb7 e4 34. Rd7 Rxd7 35. Rxd7 {[%mdl 4096] Endgame KRB-KRN} Bc5 36. Nd5 ({Better is} 36. Kf1) 36... Ra6 {Threatens to win with ...Ra1+.} 37. g4 $2 {[#]} (37. Nc3 $17) 37... Ra1+ $1 $19 38. Kg2 Ra2 39. g5 $2 (39. Kf1 {is a better defense.}) 39... Rxf2+ {Black is clearly winning.} 40. Kg3 Rf5 {Strongly threatening ...Ke8.} 41. Nc7 (41. Nf6 $142 Rxg5+ 42. Kh2) 41... e3 42. Kg4 Be7 {Precision: White = 26%, Black = 75%.} 0-1

[Event "22nd OIBM 2018"]
[Site "Gmund am Tegernsee"]
[Date "2018.11.03"]
[Round "8"]
[White "Kick, Joachim"]
[Black "Heimrath, Reiner"]
[Result "1/2-1/2"]
[WhiteElo "2070"]
[BlackElo "2262"]
[Annotator "TA"]
[PlyCount "245"]
[EventDate "2018.10.27"]
[EventType "swiss"]
[EventCountry "GER"]
[SourceTitle "playchess.com"]
[Source "ChessBase"]
[SourceQuality "1"]

{[%evp 16,245,43,30,37,35,60,57,62,70,79,33,29,17,339,345,330,-39,-35,-55,-61,-49,-40,-55,-56,-81,22,32,32,23,27,30,14,0,0,0,0,-1,-1,-1,-1,-1,-1,-1,-1,-1,0,0,0,0,0,0,0,-1,-1,-1,0,0,0,0,0,0,0,0,0,0,0,0,0,0,0,0,0,0,0,0,0,0,0,0,0,0,0,0,0,0,0,-8,-8,-8,-8,-8,-8,-8,-8,-8,-8,-8,-2,-2,0,0,0,-8,0,-14,130,0,0,0,8,0,0,0,0,0,7,0,0,0,0,0,7,0,7,7,8,8,8,8,8,8,8,8,8,8,15,12,12,12,12,12,12,4,12,0,0,0,0,0,0,0,12,12,12,4,12,12,12,12,12,0,0,0,12,0,4,4,4,4,4,4,4,4,4,4,12,0,12,12,12,0,0,0,0,0,0,0,0,0,0,0,10,0,0,0,0,0,0,0,0,0,0,0,0,0,0,0,0,0,0,0,0,0,0,0,0,0,0,0,0,0,0,0,0,0,0,0,0,0,0,0]} 1. Nf3 Nf6 2. c4 g6 3. g3 Bg7 4. Bg2 O-O 5. d4 d6 6. O-O Nc6 7. Nc3 a6 8. Qd3 Bd7 {E63: King's Indian: Fianchetto: Panno Variation with 7...a6} (8... e5 9. dxe5 dxe5 10. Qxd8 Rxd8 11. Bg5 Re8 12. Nd2 Nd4 13. Rfd1 Ne6 14. Bxf6 Bxf6 15. Rac1 Kg7 16. c5 Nxc5 {½-½ (31) Erdos,V (2628)-Amin,B (2680) Tbilisi 2017}) 9. d5 {LiveBook: 78 Games} Na7 10. a4 $146 ({Predecessor:} 10. e4 b5 11. e5 Ng4 12. exd6 cxd6 13. Bg5 h6 14. Bd2 Rc8 15. cxb5 Nxb5 16. a4 {1-0 (38) Ivanova,K (2144)-Teiitbaev,A (1955) Moscow 2015}) 10... c6 {White is slightly better.} 11. Be3 Bf5 12. Qd2 Re8 13. Bxa7 (13. Rfd1 {looks sharper.} Ng4 14. Bf4 Qb6 15. Nd4 Bxd4 16. Qxd4 Qxb2 17. e4) 13... Rxa7 14. dxc6 (14. Nd4 {seems wilder.} Qc8 15. Nxf5 Qxf5 16. e4 Qh5 17. a5) 14... Ne4 $2 {[%mdl 8192]} (14... bxc6 $11 {and Black has nothing to worry.} 15. Nd4 Qb6) 15. Nxe4 $18 Bxe4 16. cxb7 $2 (16. Qe3 $18) 16... Rxb7 $15 17. Nd4 Bxg2 18. Kxg2 Qb6 19. e3 Rc8 20. a5 {[#]} Qxb2 ({Better is} 20... Qb4 $1 $17 {[%cal Rb4d2]} 21. Qxb4 Rxb4) 21. Qd3 $11 Bxd4 $1 22. Rab1 $36 {[%mdl 2048] White fights for an advantage.} Bf6 $1 23. Rxb2 Rxb2 24. Rb1 Ra2 $1 25. Qd5 Kg7 26. Qb7 Rxc4 {Strongly threatening ...Rcc2.} 27. Qxa6 Rcc2 28. Rf1 Rc5 29. Qd3 Raxa5 30. Qd2 Rab5 31. Rc1 Rd5 32. Qa2 Ra5 33. Qe2 Rdb5 34. h4 h5 35. Rc2 Rb1 36. Ra2 Rd5 37. Qc4 Rc5 38. Qa4 Rcb5 39. Qc4 R1b4 40. Qc8 Rb8 41. Qc6 R4b6 42. Qc4 R6b7 43. Qc6 Rb6 44. Qc4 Rd8 45. Qc7 Rbb8 46. Rd2 Rdc8 47. Qa7 Rb5 48. Qa6 Rcc5 49. Qa8 Ra5 50. Qe8 d5 51. Qd7 e6 52. Qd6 Rc4 53. Qb6 Ra8 54. Qb7 Rac8 55. Ra2 R4c7 56. Qb6 Rc6 57. Qb7 R8c7 58. Qb8 Rc8 59. Qb7 R6c7 60. Qb6 e5 (60... Rd7 $11 {remains equal.}) 61. Ra7 (61. Qd6 $16) 61... Rxa7 {The position is equal.} 62. Qxa7 {[%mdl 4096] Endgame KQ-KRB} Rd8 63. Qa6 d4 64. exd4 exd4 {[#] And now ...d3 would win.} 65. Qd3 Kg8 66. Qa6 Kg7 67. Qd3 Rd6 68. Kf1 Re6 69. Kg2 Kh7 70. Qa3 Bg7 71. Kf3 Rc6 72. Ke2 Rc2+ 73. Ke1 f5 {[%cal Bf7f5,Bf5f4][%mdl 32]} 74. Qd6 Rc8 75. Qd7 Rf8 76. Kd2 f4 77. g4 hxg4 78. Qxg4 {Threatens to win with h5.} Rf5 $1 79. Kd3 Bf6 80. h5 Rxh5 81. Qxf4 Rf5 82. Qh2+ Rh5 83. Qf4 Rh3+ 84. Kd2 Bg7 {( -> ...Bh6)} 85. Qf7 (85. Ke2 {keeps more tension.} Rh5 86. Qc7 Re5+ 87. Kf1 Rf5 88. Qh2+) 85... Rc3 86. Ke2 Rc5 87. Qd7 Re5+ 88. Kd2 Rf5 89. Ke2 Kh6 90. Qd8 Bf6 91. Qd6 Bh4 92. f3 Bf6 93. Qh2+ Kg7 94. Qc7+ Kg8 95. Qc8+ Kh7 96. Qc7+ Bg7 97. Qh2+ Rh5 98. Qc7 Re5+ 99. Kd2 Re3 100. f4 Rf3 101. Ke2 Rh3 102. Qd7 Re3+ 103. Kd2 Kh6 104. f5 (104. Qc6 {feels hotter.} Kh7 105. Qb7 Rc3 106. Ke1 Rh3 107. Kf2) 104... gxf5 105. Qxf5 Rg3 106. Qf4+ Rg5 107. Qh4+ Kg6 108. Qe4+ Kf7 109. Qb7+ Ke6 110. Qc6+ Ke5 111. Qe8+ Kf4 112. Qf7+ Kg4 113. Qd7+ Kg3 114. Qe7 Rg4 115. Qe6 Kh4 116. Ke2 Kh5 117. Kf3 Rg5 118. Qh3+ Kg6 119. Qe6+ Bf6 120. Kf4 Kg7 121. Qd7+ Kf8 122. Qxd4 Bxd4 123. Kxg5 {Precision: White = 60%, Black = 64%.} 1/2-1/2

[Event "22nd OIBM 2018"]
[Site "Gmund am Tegernsee"]
[Date "2018.11.03"]
[Round "8"]
[White "Krans, Jan"]
[Black "Ciolek, Andreas"]
[Result "0-1"]
[WhiteElo "2053"]
[BlackElo "2241"]
[Annotator "TA"]
[PlyCount "56"]
[EventDate "2018.10.27"]
[EventType "swiss"]
[EventCountry "GER"]
[SourceTitle "playchess.com"]
[Source "ChessBase"]
[SourceQuality "1"]

{[%evp 18,56,1,-19,-15,-19,-22,-21,0,-41,-41,-44,-21,-35,-22,-29,5,8,10,-8,0,5,22,14,54,-6,-9,-21,-31,-68,-73,-267,-265,-297,-209,-832,-821,-2619,-3574,-2041,-1987]} 1. e4 c5 2. Nc3 a6 3. g3 b5 4. Bg2 Bb7 5. f4 e6 6. d3 Nf6 7. Qe2 {B23: Closed Sicilian: Lines without g3} (7. Nf3 d6 8. O-O Be7 9. a4 b4 10. Ne2 c4 11. b3 cxd3 12. cxd3 O-O 13. h3 Nc6 14. g4 Nd7 15. g5 {1-0 (51) Duda,J (2717)-Fedorchuk,S (2648) Katowice 2017}) 7... d5 8. e5 Nfd7 9. Nf3 Nc6 {[%cal Bb8c6,Bc6d4,Bd4f3][%mdl 32]} 10. O-O {LiveBook: 3 Games} Be7 11. Bd2 Qc7 12. Be1 $146 ({Predecessor:} 12. Rae1 Nd4 13. Qd1 Rc8 14. Nb1 Nf5 {1-0 (23) Trailovic,M (2153)-Dmitrovic,T (2290) Serbia 2010}) 12... O-O 13. g4 Rac8 14. Bg3 Nd4 15. Qd2 Nxf3+ 16. Bxf3 d4 17. Ne4 c4 18. Qg2 cxd3 19. cxd3 Qc2 20. Rf2 Qxd3 {[#] White must now prevent ...Qe3.} 21. Nf6+ (21. Nd6 $1 $14 Bxf3 22. Rxf3) 21... gxf6 $11 22. Bxb7 Rc5 {[%cal Rf6e5]} 23. Be4 Qe3 {And now ...d3 would win.} 24. b4 $2 {[#]} (24. h3 $17 {might work better.}) 24... Rc4 $19 25. Kh1 Rfc8 {[%cal Bf8c8,Bc8c1,Bc1e1][%mdl 32] Threatens to win with ...d3.} ({Not} 25... Rxb4 26. Re2 $15) 26. Re2 $2 (26. Raf1 Rc1 27. Bb7 Rxf1+ 28. Rxf1) 26... Rc1+ {Black is clearly winning.} 27. Rxc1 Rxc1+ (27... Qxc1+ $2 28. Re1 $17) 28. Be1 Rxe1+ {Precision: White = 22%, Black = 51%.} 0-1